Manual de procesos : (Registro nro. 4439)

Detalles MARC
000 -LEADER
fixed length control field 00997nam a2200205Ia 4500
003 - CONTROL NUMBER IDENTIFIER
control field OSt
005 - DATE AND TIME OF LATEST TRANSACTION
control field 20200902215541.0
008 - FIXED-LENGTH DATA ELEMENTS--GENERAL INFORMATION
fixed length control field 191128s2009 ck fr 000 0 spa d
020 ## - INTERNATIONAL STANDARD BOOK NUMBER
International Standard Book Number 9789589266885
040 ## - CATALOGING SOURCE
Original cataloging agency CO-JMCR
Transcribing agency CO-JMCR
041 0# - LANGUAGE CODE
Language code of text/sound track or separate title spa
082 04 - DEWEY DECIMAL CLASSIFICATION NUMBER
Classification number 352.53 /
Item number M665m
Edition number 23
110 1# - MAIN ENTRY--CORPORATE NAME
Corporate name or jurisdiction name as entry element Colombia.
Subordinate unit Ministerio de Hacienda y Crédito Público
9 (RLIN) 7620
245 10 - TITLE STATEMENT
Title Manual de procesos :
Remainder of title procedimientos para la ejecución de proyectos de asociación público-privada /
Statement of responsibility, etc. Ministerio de Hacienda y Crédito Público
260 ## - PUBLICATION, DISTRIBUTION, ETC.
Place of publication, distribution, etc. Bogotá :
Name of publisher, distributor, etc. Ministerio de Hacienda y Crédito Público : Departamento Nacional de Planeación,
Date of publication, distribution, etc. [2009]
300 ## - PHYSICAL DESCRIPTION
Extent 80 páginas ;
Dimensions 24 cm.
505 0# - FORMATTED CONTENTS NOTE
Formatted contents note Definiciones -- Principios, actores y aspectos relevantes alrededpr de los APP -- Procedimiento -- Iniciativa pública con recursos -- Iniciativa privada sin recursos públicos -- Iniciativa privada con recursos públicos
650 14 - SUBJECT ADDED ENTRY--TOPICAL TERM
Topical term or geographic name entry element Contratos públicos
General subdivision proyectos
Geographic subdivision Colombia
9 (RLIN) 9677
942 ## - ADDED ENTRY ELEMENTS (KOHA)
Source of classification or shelving scheme Dewey Decimal Classification
Koha item type Books
Existencias
Withdrawn status Lost status Source of classification or shelving scheme Damaged status Not for loan Collection code Home library Current library Date acquired Source of acquisition Total Checkouts Full call number Barcode Date last seen Date last checked out Copy number Koha item type
    Dewey Decimal Classification     Non-fiction Biblioteca Pública José María del Castillo y Rada Biblioteca Pública José María del Castillo y Rada 11/16/2018 Donación 2 352.53 / M665m 201809304 05/16/2024 02/06/2024 Ej.1 Books